[Event "SV Dinslaken 1 - SV Erkenschwick 1"]
[Site "Oberliga NRW 2018/2019"]
[Date "2019.01.13"]
[Round "5.7"]
[White "Strozewski, Frank"]
[Black "Sonnenschein, Philipp"]
[Result "1-0"]
[WhiteElo "1949"]
[BlackElo "2104"]
[PlyCount "107"]
[EventDate "2019.??.??"]
[WhiteTeam "SV Erkenschwick 1"]
[BlackTeam "SV Dinslaken 1"]

1. c4 e5 2. Nc3 Nf6 3. e4 Bc5 4. d3 d6 5. h3 O-O 6. g3 Nc6 7. Bg2 Ne8 8. Nf3 a6
9. O-O f5 10. exf5 Bxf5 11. Ne4 Ba7 12. Nh4 Bd7 13. Be3 Nd4 14. Qd2 c6 15. Rae1
d5 16. cxd5 cxd5 17. Nc3 Bc6 18. Bxd4 exd4 19. Ne2 Qf6 20. Nf4 Nc7 21. Nf3 Rae8
22. Rxe8 Rxe8 23. Re1 Ne6 24. Nxe6 Rxe6 25. Rxe6 Qxe6 26. Qf4 Qf7 27. Qh4 Qf6
28. Qxf6 gxf6 29. Nh4 Kf7 30. f4 Ke6 31. Kf2 a5 32. Bf3 Kd6 33. Nf5+ Kc5 34.
Ne7 Bb8 35. Bg4 Bc7 36. Bf5 h5 37. Ng8 Bd8 38. Bg6 Bb5 39. h4 f5 40. Ke2 Bd7
41. Bxh5 Be6 42. Nh6 Bf6 43. Bg6 Bg7 44. Nxf5 Bh8 45. g4 Kb4 46. Kf3 a4 47. Nd6
Bf6 48. g5 Be7 49. Ne8 a3 50. bxa3+ Kxa3 51. Nc7 Bg8 52. h5 Kxa2 53. h6 Bd8 54.
Nb5 1-0

[Event "SV Dinslaken 1 - SV Erkenschwick 1"]
[Site "Oberliga NRW 2018/2019"]
[Date "2019.01.13"]
[Round "5.8"]
[White "Cebulla, Konstantin"]
[Black "Eggenstein, Frank"]
[Result "1-0"]
[WhiteElo "2085"]
[BlackElo "1930"]
[Annotator "Daniel"]
[PlyCount "101"]
[EventDate "2019.??.??"]
[WhiteTeam "SV Dinslaken 1"]
[BlackTeam "SV Erkenschwick 1"]

1. d4 Nf6 2. c4 g6 3. Nc3 Bg7 4. e4 d6 5. h3 O-O 6. Nf3 Nc6 7. d5 Nb8 8. Bd3
Nbd7 9. Be3 e5 10. Qd2 a6 11. Ng1 Nc5 12. Bc2 b6 13. Nge2 Ne8 14. g4 Bd7 15.
Ng3 Bf6 $11 16. g5 Be7 17. O-O-O b5 18. Nce2 bxc4 19. h4 Rb8 20. Rh2 Qc8 21.
Bxc5 dxc5 22. Nc3 Nd6 23. Rdh1 h5 24. gxh6 Kh7 25. Kb1 Qb7 26. Bd1 Bf6 27. f3
Qb4 28. h5 g5 29. Ka1 Rb7 30. Nf1 Rfb8 31. Ne3 Be7 32. Nb1 Qb6 33. Qc2 Qb5 34.
Na3 Qb4 35. Naxc4 Bf6 36. Be2 Ba4 37. Qc1 Nxc4 38. Nxc4 Ra7 39. Bd3 Rd8 40. Rg2
Rg8 41. Ne3 Bd7 42. Rhg1 Raa8 43. d6 c6 44. Qc4 Be6 45. Nd5 Qa5 46. Nxf6+ Kh8
47. b4 cxb4 48. Qc2 b3 49. Qb2 bxa2 50. Nxg8 Rxg8 51. f4 1-0

[Event "Bahn-SC Wuppertal 1 - SK Münster 1"]
[Site "Oberliga NRW 2018/2019"]
[Date "2019.01.13"]
[Round "5.1"]
[White "Webb, Laurence"]
[Black "Savchenko, Vyacheslav"]
[Result "1-0"]
[WhiteElo "2287"]
[BlackElo "2350"]
[Annotator "Daniel"]
[PlyCount "139"]
[EventDate "2019.??.??"]
[WhiteTeam "SK Münster 1"]
[BlackTeam "Bahn-SC Wuppertal 1"]

1. d4 Nf6 2. c4 e6 3. Nc3 Bb4 4. Qc2 c5 5. dxc5 Nc6 6. Nf3 Bxc5 7. Bg5 a6 8. e3
Qa5 9. Bxf6 gxf6 10. Be2 f5 11. O-O Be7 12. a3 Ne5 13. b4 Nxf3+ 14. Bxf3 Qe5
15. c5 O-O 16. Na4 d5 17. cxd6 Bxd6 18. g3 Rb8 19. Nb6 Qb5 20. Nc4 Be7 21. Rfd1
b6 22. Rac1 Bb7 23. Bxb7 Rxb7 24. Nd6 Bxd6 25. Rxd6 Qe5 $11 26. Qd2 a5 27. Qd4
Qxd4 28. exd4 axb4 29. axb4 Ra8 30. d5 exd5 31. Rxd5 f4 32. Kg2 fxg3 33. hxg3
b5 34. Rg5+ Kf8 35. Rcc5 Ra4 36. Rg4 Ra6 37. Rc8+ Ke7 38. Rh8 h6 39. Re4+ Kd7
40. Rh4 Rbb6 41. Rf4 Rf6 42. Rxf6 Rxf6 43. f4 Rd6 44. Rf8 Rd2+ 45. Kh3 Ke7 46.
Rb8 Rd5 47. Rb7+ Kf6 48. Rb6+ Kg7 49. Kg4 h5+ 50. Kf3 Rd3+ 51. Kf2 h4 52. gxh4
Rd4 53. Rxb5 Rxf4+ 54. Kg3 Rc4 55. Rg5+ Kf6 56. b5 Rb4 57. Rc5 Rb3+ 58. Kf2 Rb4
59. h5 Re4 60. Kf3 Re1 61. Kf4 Kg7 62. Rc6 Rb1 63. h6+ Kh7 64. b6 Rf1+ 65. Ke5
Rd1 66. Rd6 Rb1 67. Kd5 f5 68. Kc6 f4 69. Rf6 Rb4 70. Kc7 1-0

[Event "Bahn-SC Wuppertal 1 - SK Münster 1"]
[Site "Oberliga NRW 2018/2019"]
[Date "2019.01.13"]
[Round "5.2"]
[White "Biriukov, Nikolai"]
[Black "Holtel, Jasper"]
[Result "0-1"]
[WhiteElo "2359"]
[BlackElo "2206"]
[Annotator "Daniel"]
[PlyCount "118"]
[EventDate "2019.??.??"]
[WhiteTeam "Bahn-SC Wuppertal 1"]
[BlackTeam "SK Münster 1"]

1. d4 Nf6 2. Nf3 g6 3. Nc3 d5 4. Bf4 Bg7 5. h3 O-O 6. e3 c5 7. Be2 Nc6 8. O-O
cxd4 9. exd4 Bf5 10. Ne5 Rc8 11. a3 a6 12. Rc1 b5 13. Na2 Qb6 14. Nxc6 Rxc6 15.
Nb4 Rcc8 16. c3 Rfd8 17. Re1 a5 18. Nd3 Ne4 19. Bf1 g5 20. Bh2 e6 21. h4 h6 22.
hxg5 hxg5 23. f3 Nd6 24. Qd2 Bf6 25. Ne5 Nc4 26. Bxc4 bxc4 27. g4 Bh7 28. f4
Bxe5 29. fxe5 Bg6 30. Re2 Kg7 31. Qxg5 Rg8 32. Rf1 Kf8 33. Bg3 Ke8 34. Bh4 Kd7
35. Qe7+ Kc6 36. Qd6+ Kb7 37. Qxb6+ Kxb6 38. Rf4 Rh8 39. Rh2 Kb5 40. Rff2 $11
Ka4 41. Be7 Rce8 42. Bd6 Reg8 43. Rxh8 Rxh8 44. Rh2 Rg8 45. Bc7 Be4 46. Rh4 Rc8
47. Bd6 Kb3 48. Rh2 Rg8 49. Kf1 Rxg4 50. a4 Rg8 51. Ba3 Kxa4 52. Ke2 Kb3 53.
Kd2 Bf5 54. Ke2 Bd3+ 55. Kd2 Rg1 56. Rh8 Rg2+ 57. Kd1 Bc2+ 58. Kc1 Ka2 59. Ra8
a4 0-1

[Event "Bahn-SC Wuppertal 1 - SK Münster 1"]
[Site "Oberliga NRW 2018/2019"]
[Date "2019.01.13"]
[Round "5.3"]
[White "Wolter, Kai"]
[Black "Savchenko, Aleksij"]
[Result "0-1"]
[WhiteElo "2251"]
[BlackElo "2284"]
[PlyCount "94"]
[EventDate "2019.??.??"]
[WhiteTeam "SK Münster 1"]
[BlackTeam "Bahn-SC Wuppertal 1"]

1. e4 c5 2. Nf3 d6 3. d4 cxd4 4. Nxd4 Nf6 5. Nc3 a6 6. Be2 g6 7. O-O Bg7 8. Re1
O-O 9. Bf1 Nbd7 10. a4 Qc7 11. a5 b6 12. Nd5 Nxd5 13. exd5 Ne5 14. axb6 Qxb6
15. Nb3 Bg4 16. Be2 Bxe2 17. Rxe2 a5 18. Re4 Rfc8 19. Rea4 Nc4 20. R1a2 Rc7 21.
h3 h5 22. Nd2 Rac8 23. Nxc4 Rxc4 24. c3 Rxa4 25. Qxa4 Qa6 26. Qxa5 Qe2 27. Be3
Qe1+ 28. Kh2 Be5+ 29. f4 Qxe3 30. fxe5 Qxe5+ 31. Kg1 Rc4 32. Qd8+ Kg7 33. Ra8
Qe3+ 34. Kh2 Kf6 35. Qh8+ Kg5 36. Ra1 Qf2 37. b3 Rh4 38. Qc8 f5 39. Kh1 Re4 40.
Rg1 Qc2 41. b4 Rxb4 42. Qe8 Re4 43. g4 Qxc3 44. gxf5+ Kh4 45. Rxg6 Qf3+ 46. Kh2
Re2+ 47. Kg1 Qf2+ 0-1

[Event "Bahn-SC Wuppertal 1 - SK Münster 1"]
[Site "Oberliga NRW 2018/2019"]
[Date "2019.01.13"]
[Round "5.4"]
[White "Bashilin, Roman"]
[Black "Wilde, Pierre"]
[Result "1-0"]
[WhiteElo "2218"]
[BlackElo "2212"]
[PlyCount "71"]
[EventDate "2019.??.??"]
[WhiteTeam "Bahn-SC Wuppertal 1"]
[BlackTeam "SK Münster 1"]

1. d4 e6 2. Nf3 c5 3. c3 Nf6 4. Bg5 Be7 5. e3 b6 6. Bd3 Bb7 7. Nbd2 Nc6 8. O-O
cxd4 9. exd4 Nd5 10. Bxe7 Ncxe7 11. Re1 O-O 12. Bf1 Nf6 13. Ng5 Rc8 14. Nge4
Nxe4 15. Nxe4 Nf5 16. a4 Qc7 17. a5 b5 18. Nc5 d6 19. Nxb7 Qxb7 20. Bd3 Rc7 21.
Be4 d5 22. Bxf5 exf5 23. a6 Qc6 24. Qb3 g6 25. Re5 Rd7 26. h4 Rb8 27. Rae1 Kg7
28. h5 Rb6 29. Re8 Qc4 30. Qa3 b4 31. cxb4 Qxb4 32. Qe3 h6 33. Rh8 Re6 34.
Qxh6+ Kf6 35. Rxe6+ Kxe6 36. hxg6 1-0

[Event "Bahn-SC Wuppertal 1 - SK Münster 1"]
[Site "Oberliga NRW 2018/2019"]
[Date "2019.01.13"]
[Round "5.5"]
[White "Muschik, Benedikt"]
[Black "Ries, Benjamin"]
[Result "1-0"]
[WhiteElo "2220"]
[BlackElo "2261"]
[PlyCount "159"]
[EventDate "2019.??.??"]
[WhiteTeam "SK Münster 1"]
[BlackTeam "Bahn-SC Wuppertal 1"]

1. d4 d5 2. Bf4 c5 3. e3 Nc6 4. c3 Nf6 5. Nd2 cxd4 6. exd4 Bg4 7. Ngf3 e6 8.
Qb3 Qc8 9. h3 Bh5 10. g4 Bg6 11. Nh4 Be7 12. Nxg6 hxg6 13. Bg2 Nd7 14. a4 g5
15. Bg3 Na5 16. Qb5 a6 17. Qd3 Nb6 18. O-O Nbc4 19. Nxc4 Qxc4 20. Qxc4 Nxc4 21.
Rfe1 Kd7 22. Re2 Bd6 23. b3 Na5 24. Bxd6 Kxd6 25. Rb1 Rac8 26. Rc2 Rc7 27. c4
dxc4 28. bxc4 Nxc4 29. Rxb7 Rxb7 30. Bxb7 Na5 31. Bg2 Rb8 32. Rc5 Rb1+ 33. Kh2
Nb3 34. Rc6+ Ke7 35. d5 a5 36. dxe6 fxe6 37. Rb6 Nd2 38. Ra6 Nc4 39. Bc6 Rb2
40. Kg2 Kf6 41. Bb5 Ne3+ 42. Kg3 Nd1 43. Bc4 Ke5 44. Rxe6+ Kd4 45. Be2 Nc3 46.
Bf3 Ra2 47. Rg6 Ra3 48. Kh2 Nxa4 49. Bc6 Nc5 50. Rxg5 Ne6 51. Rd5+ Kc4 52. Re5
Nd4 53. Bd5+ Kc5 54. Be4+ Kb4 55. Rg5 Ne6 56. Rg6 Nf4 57. Rxg7 Rxh3+ 58. Kg1 a4
59. Rf7 Ne6 60. Bd5 Nd4 61. Kg2 Rh6 62. g5 Rd6 63. Rb7+ Kc5 64. Bf7 a3 65. Ra7
Kb4 66. Kg3 Ne2+ 67. Kf3 Nc3 68. Kg4 Rd4+ 69. Kf5 Ne2 70. g6 Rf4+ 71. Ke5 Rg4
72. f3 Rg3 73. Rb7+ Kc5 74. Rc7+ Kb6 75. Rc2 Ng1 76. f4 Nf3+ 77. Kf6 Nd4 78.
Rd2 Kc5 79. g7 Nf3 80. Rd3 1-0

[Event "Bahn-SC Wuppertal 1 - SK Münster 1"]
[Site "Oberliga NRW 2018/2019"]
[Date "2019.01.13"]
[Round "5.6"]
[White "Khanukov, Boris"]
[Black "Chilla, Jan Eric"]
[Result "0-1"]
[WhiteElo "2171"]
[BlackElo "2206"]
[PlyCount "104"]
[EventDate "2019.??.??"]
[WhiteTeam "Bahn-SC Wuppertal 1"]
[BlackTeam "SK Münster 1"]

1. d4 Nf6 2. Nf3 e6 3. g3 d5 4. Bg2 b5 5. a4 b4 6. c4 Bb7 7. Nbd2 c5 8. O-O
Nbd7 9. cxd5 Bxd5 10. b3 Rc8 11. Bb2 Be7 12. Re1 Ne4 13. Nxe4 Bxe4 14. dxc5 O-O
15. Qd4 Bf6 16. Qxe4 Bxb2 17. Rab1 Bc3 18. Red1 Nxc5 19. Qe3 Qf6 20. h4 Rfd8
21. Rxd8+ Qxd8 22. Kh2 Qd6 23. Ng5 f5 24. Nh3 Qd2 25. Qxd2 Bxd2 26. e3 Bc3 27.
Bf1 Kf8 28. Nf4 Ke7 29. Bc4 Rd8 30. Kg2 Rd2 31. Re1 e5 32. Ne2 e4 33. Rb1 Kf6
34. Nf4 g6 35. a5 h6 36. Nd5+ Ke5 37. Nc7 Nd3 38. Rf1 Ra2 39. a6 Ne1+ 40. Kh3
Nf3 41. Nb5 Nd2 42. Rc1 Nxc4 43. Nxc3 bxc3 44. bxc4 c2 45. Kg2 Kd6 46. Kf1 Kc5
47. Ke2 Kxc4 48. Kd2 Kb3 49. Re1 Rxa6 50. h5 Rd6+ 51. Kc1 Kc3 52. hxg6 Ra6 0-1

[Event "Bahn-SC Wuppertal 1 - SK Münster 1"]
[Site "Oberliga NRW 2018/2019"]
[Date "2019.01.13"]
[Round "5.8"]
[White "Tueckmantel, Rene"]
[Black "Rott, Georg"]
[Result "1/2-1/2"]
[WhiteElo "2118"]
[BlackElo "2141"]
[PlyCount "31"]
[EventDate "2019.??.??"]
[WhiteTeam "Bahn-SC Wuppertal 1"]
[BlackTeam "SK Münster 1"]

1. e4 e6 2. d4 d5 3. Nc3 Bb4 4. exd5 exd5 5. Bd3 Nf6 6. Nge2 Bg4 7. f3 Bh5 8.
Nf4 O-O 9. O-O Bd6 10. Nce2 Nbd7 11. Ng3 Bxf4 12. Bxf4 Bg6 13. Re1 c6 14. c3
Qb6 15. Bxg6 hxg6 16. Qb3 1/2-1/2

[Event "SF Gerresheim 1 - SG Porz 1"]
[Site "Oberliga NRW 2018/2019"]
[Date "2019.01.13"]
[Round "5.1"]
[White "Van Den Doel, Erik"]
[Black "Dresen, Ulrich"]
[Result "1-0"]
[WhiteElo "2609"]
[BlackElo "2196"]
[PlyCount "119"]
[EventDate "2019.??.??"]
[WhiteTeam "SG Porz 1"]
[BlackTeam "SF Gerresheim 1"]

1. d4 d5 2. Nf3 Nf6 3. c4 e6 4. g3 Be7 5. Bg2 O-O 6. O-O dxc4 7. Qc2 a6 8. a4
Nc6 9. Qxc4 a5 10. Rd1 Qd5 11. Na3 Bxa3 12. Qxd5 exd5 13. bxa3 Bf5 14. Bf4 Rfe8
15. Ra2 Rac8 16. Rb2 Nd8 17. Rc1 c6 18. Bg5 h6 19. Bxf6 gxf6 20. Nh4 Bg4 21.
Bf3 Bxf3 22. Nxf3 Re4 23. Nh4 Kh7 24. Nf5 Re6 25. g4 Kg6 26. f3 Rc7 27. Kf2 Re8
28. e3 Ne6 29. Nd6 Rb8 30. f4 Kh7 31. Rcb1 Nd8 32. Ne8 Re7 33. Nxf6+ Kg6 34.
Nh5 f5 35. h3 Nf7 36. Rb6 Rc7 37. Ra6 Nd6 38. Rxa5 Re8 39. Ra7 Rce7 40. Rb3
Ne4+ 41. Ke2 Nd6 42. Ng3 fxg4 43. hxg4 Rb8 44. Kf3 Nc4 45. Nf5 Rh7 46. Rc3 Kf6
47. Nxh6 Nd2+ 48. Ke2 Ne4 49. g5+ Nxg5 50. fxg5+ Kxg5 51. Rxc6 Rxh6 52. Rxh6
Kxh6 53. Ra5 Rd8 54. Rb5 Rd7 55. Rb6+ Kg5 56. Re6 Kf5 57. Re5+ Kf6 58. a5 Rd6
59. Kd3 Kf7 60. Kc3 1-0

[Event "SF Gerresheim 1 - SG Porz 1"]
[Site "Oberliga NRW 2018/2019"]
[Date "2019.01.13"]
[Round "5.2"]
[White "Volkov, Mykyta"]
[Black "Lutz, Christopher"]
[Result "1/2-1/2"]
[WhiteElo "2138"]
[BlackElo "2490"]
[PlyCount "94"]
[EventDate "2019.??.??"]
[WhiteTeam "SF Gerresheim 1"]
[BlackTeam "SG Porz 1"]

1. d4 Nf6 2. c4 e6 3. Nc3 Bb4 4. Qc2 O-O 5. Nf3 c5 6. dxc5 Na6 7. g3 Nxc5 8.
Bg2 Nce4 9. O-O Nxc3 10. bxc3 Be7 11. e4 d6 12. e5 dxe5 13. Nxe5 h6 14. Qe2 Qc7
15. Bf4 g5 16. Bd2 Nh7 17. Be4 f5 18. Bg2 Bf6 19. Rfe1 Rd8 20. Rad1 Nf8 21. f4
Rb8 22. fxg5 hxg5 23. Nf3 Qg7 24. Be3 Rxd1 25. Rxd1 b6 26. c5 g4 27. Nd4 bxc5
28. Nc6 Rb7 29. Bxc5 Rc7 30. Bd4 Bb7 31. Ne5 Bxg2 32. Kxg2 Rc8 33. Qa6 Rb8 34.
Re1 Qh6 35. Qe2 Qg7 36. Qa6 Rb2+ 37. Re2 Rxe2+ 38. Qxe2 Qb7+ 39. Kg1 Qb1+ 40.
Kg2 Qb7+ 41. Kg1 a5 42. Nd3 Qb1+ 43. Kg2 Bxd4 44. cxd4 a4 45. Ne5 Qb7+ 46. Kg1
Qb1+ 47. Kg2 Qb7+ 1/2-1/2

[Event "SF Gerresheim 1 - SG Porz 1"]
[Site "Oberliga NRW 2018/2019"]
[Date "2019.01.13"]
[Round "5.3"]
[White "Xu, Xianliang"]
[Black "Liedmann, Dennis"]
[Result "1/2-1/2"]
[WhiteElo "2476"]
[BlackElo "2180"]
[PlyCount "133"]
[EventDate "2019.??.??"]
[WhiteTeam "SG Porz 1"]
[BlackTeam "SF Gerresheim 1"]

1. e4 d5 2. exd5 Nf6 3. d4 Bg4 4. f3 Bf5 5. Bb5+ Nbd7 6. c4 a6 7. Bxd7+ Qxd7 8.
Ne2 b5 9. b3 bxc4 10. bxc4 e6 11. dxe6 Qxe6 12. Qa4+ Qd7 13. Qxd7+ Kxd7 14. c5
Nd5 15. Nbc3 Nb4 16. O-O Rb8 17. a3 Nd3 18. Rd1 Nxc1 19. Raxc1 Rb3 20. Ng3 Bg6
21. Nge4 Rxa3 22. Nd5 c6 23. Nb6+ Kc7 24. Ra1 Rxa1 25. Rxa1 Be7 26. Rxa6 Kb7
27. Ra4 f5 28. Ng3 f4 29. Ne4 Bf7 30. Nd7 Rd8 31. Ne5 Bd5 32. Kf2 Re8 33. Nd3
Bf8 34. Nc3 Bxf3 35. gxf3 Re3 36. Rb4+ Kc8 37. Nxf4 Rxc3 38. Ne6 Be7 39. Kg3 g6
40. Rb6 Kd7 41. Nf4 Bd8 42. Rb7+ Bc7 43. Kg4 Rc4 44. Ne6 Kxe6 45. Rxc7 Rxd4+
46. f4 Kd5 47. Rxh7 Kxc5 48. Rg7 Rd2 49. Rxg6 Rg2+ 50. Kf5 Rxh2 51. Ke6 Kd4 52.
f5 Re2+ 53. Kd6 Re4 54. f6 Rf4 55. Ke7 Re4+ 56. Kf8 c5 57. f7 c4 58. Rd6+ Ke3
59. Kg7 Re7 60. Re6+ Rxe6 61. f8=Q c3 62. Qc5+ Kd2 63. Qd4+ Kc2 64. Kf7 Rc6 65.
Ke7 Kb3 66. Qd5+ Rc4 67. Qb5+ 1/2-1/2

[Event "SF Gerresheim 1 - SG Porz 1"]
[Site "Oberliga NRW 2018/2019"]
[Date "2019.01.13"]
[Round "5.4"]
[White "Van Lanen, Toon"]
[Black "Korotkjevich, Stanislav"]
[Result "0-1"]
[WhiteElo "2141"]
[BlackElo "2350"]
[Annotator "Daniel"]
[PlyCount "118"]
[EventDate "2019.??.??"]
[WhiteTeam "SF Gerresheim 1"]
[BlackTeam "SG Porz 1"]

1. e4 g6 2. d4 Bg7 3. Ne2 d6 4. Nbc3 Nf6 5. g3 h5 6. Bg5 c6 7. Bg2 Nbd7 8. Qd2
Nb6 9. O-O-O Nh7 10. Bf4 g5 11. Be3 Nc4 12. Qd3 Nxe3 13. Qxe3 Qa5 14. f4 e5 15.
fxe5 dxe5 16. d5 O-O 17. h3 cxd5 18. Rxd5 Qa6 19. Rhd1 Be6 20. Rd6 b6 21. Kb1
Rac8 22. Bf3 g4 23. hxg4 hxg4 24. Bg2 Qc4 25. Nc1 Qc7 26. Bf1 Rfd8 27. Rxd8+
Rxd8 28. Nb5 Qe7 29. Rxd8+ Qxd8 30. Nxa7 $11 Qf6 31. Be2 Bh6 32. Qg1 Ng5 33.
Qg2 Nf3 34. Nb3 Qd8 35. Nb5 Nd2+ 36. Ka1 Be3 37. Nc3 Nxb3+ 38. axb3 Qd2 39. Bf1
Qe1+ 40. Ka2 Bf2 41. Nd5 Kg7 42. c3 Bxg3 43. Nxb6 Bf2 44. Bc4 Bxb6 45. Bxe6
fxe6 46. Qxg4+ Kf6 47. b4 Be3 48. Qg8 Bf4 49. Qd8+ Kg6 50. Qg8+ Kh5 51. Qh7+
Kg4 52. b5 Qe2 53. Qg6+ Kh4 54. Qh7+ Kg3 55. Qg6+ Kf2 56. Qxe6 Qxb5 57. b4 Qe2+
58. Kb3 Qxe4 59. b5 Qb1+ 0-1

[Event "SF Gerresheim 1 - SG Porz 1"]
[Site "Oberliga NRW 2018/2019"]
[Date "2019.01.13"]
[Round "5.5"]
[White "Malykin, Vitaly"]
[Black "Selten, Jan"]
[Result "1/2-1/2"]
[WhiteElo "2296"]
[BlackElo "2070"]
[Annotator "Daniel"]
[PlyCount "65"]
[EventDate "2019.??.??"]
[WhiteTeam "SG Porz 1"]
[BlackTeam "SF Gerresheim 1"]

1. Nf3 e6 2. c4 c5 3. Nc3 d5 4. cxd5 exd5 5. d4 Nc6 6. Bg5 Be7 7. Bxe7 Ngxe7 8.
e3 Qb6 9. Bb5 O-O 10. dxc5 Qxc5 11. O-O Bg4 12. Rc1 Rac8 13. Be2 Rfd8 14. Nd4
Bxe2 15. Ncxe2 Qb4 16. Rc2 g6 17. Nxc6 Rxc6 18. Rd2 Rcd6 19. Nd4 Nc6 20. Qe2
Qc4 21. Nxc6 bxc6 22. b3 Qxe2 23. Rxe2 Kf8 $11 24. Rc1 Ke7 25. Rc5 Rb8 26. Rec2
Rb6 27. Ra5 Rd7 28. g3 Kd6 29. Rac5 Rc7 30. Kg2 a6 31. Kf3 Rb5 32. R5c3 a5 33.
e4 1/2-1/2

[Event "SF Gerresheim 1 - SG Porz 1"]
[Site "Oberliga NRW 2018/2019"]
[Date "2019.01.13"]
[Round "5.6"]
[White "Koehler, Markus"]
[Black "Pauly, Carlo"]
[Result "1/2-1/2"]
[WhiteElo "2085"]
[BlackElo "2299"]
[PlyCount "91"]
[EventDate "2019.??.??"]
[WhiteTeam "SF Gerresheim 1"]
[BlackTeam "SG Porz 1"]

1. c4 Nf6 2. Nc3 g6 3. e4 d6 4. g3 Bg7 5. Bg2 O-O 6. Nge2 c5 7. a3 Nc6 8. d3
Ne8 9. Rb1 a5 10. O-O Nc7 11. h3 Rb8 12. a4 e6 13. Be3 Nd4 14. Qd2 b6 15. Bxd4
cxd4 16. Nb5 Nxb5 17. cxb5 Bb7 18. f4 h5 19. Rbc1 e5 20. Qc2 Rc8 21. Qb3 Qe7
22. h4 Kh7 23. Bh3 Rxc1 24. Rxc1 d5 25. Bg2 dxe4 26. dxe4 exf4 27. Nxf4 Bxe4
28. Nd5 Bxd5 29. Bxd5 Bh6 30. Rf1 f5 31. Qf3 f4 32. Bc4 fxg3 33. Qxg3 Be3+ 34.
Kh2 Rxf1 35. Bxf1 Qf6 36. Kg2 Qf5 37. Qf3 Qc2+ 38. Be2 Kg7 39. Qb7+ Kh6 40. Qf3
Qc5 41. Qf6 Qc7 42. Bd3 Qb7+ 43. Kh2 Qc7+ 44. Kg2 Qb7+ 45. Kh2 Qc7+ 46. Kg2
1/2-1/2

[Event "SF Gerresheim 1 - SG Porz 1"]
[Site "Oberliga NRW 2018/2019"]
[Date "2019.01.13"]
[Round "5.7"]
[White "Fieberg, Samuel"]
[Black "Sapkowski, Wieslaw"]
[Result "0-1"]
[WhiteElo "2173"]
[BlackElo "2027"]
[PlyCount "90"]
[EventDate "2019.??.??"]
[WhiteTeam "SG Porz 1"]
[BlackTeam "SF Gerresheim 1"]

1. e4 e5 2. Nf3 Nc6 3. Bc4 Nf6 4. d3 Be7 5. O-O d6 6. c3 Bg4 7. Qb3 O-O 8. Ng5
Bh5 9. Qxb7 Na5 10. Qa6 c5 11. Bb5 Qc7 12. b4 Nb7 13. Nd2 Rac8 14. a3 d5 15.
exd5 Nxd5 16. Nge4 f5 17. Ng3 Rf6 18. Qa4 Bf7 19. Bb2 Nb6 20. Qd1 Nd6 21. Ba6
Rd8 22. c4 Re6 23. bxc5 Qxc5 24. Nb3 Qc7 25. a4 f4 26. Ne2 Nf5 27. a5 Nd7 28.
Bb5 Nc5 29. Nxc5 Bxc5 30. Nc3 Red6 31. Qg4 Nh6 32. Qe2 Bd4 33. Nd5 Bxd5 34.
cxd5 Nf5 35. Bxd4 Nxd4 36. Qxe5 Nxb5 37. Qxf4 Rxd5 38. Qc4 Qf7 39. a6 Rf5 40.
Qxf7+ Kxf7 41. Rfd1 Rfd5 42. Rab1 R8d6 43. Ra1 Nc3 44. Rd2 Rxd3 45. Rxd3 Rxd3
0-1

[Event "SF Gerresheim 1 - SG Porz 1"]
[Site "Oberliga NRW 2018/2019"]
[Date "2019.01.13"]
[Round "5.8"]
[White "Yilmaz, Ahmet"]
[Black "Wagenknecht, Uwe"]
[Result "0-1"]
[WhiteElo "1844"]
[BlackElo "2165"]
[PlyCount "82"]
[EventDate "2019.??.??"]
[WhiteTeam "SF Gerresheim 1"]
[BlackTeam "SG Porz 1"]

1. e4 c5 2. b4 cxb4 3. d4 d5 4. exd5 Qxd5 5. c4 bxc3 6. Nxc3 Qa5 7. Bd2 e6 8.
Nf3 Bb4 9. Qb3 Nf6 10. Bc4 O-O 11. O-O Nc6 12. Rfd1 Qa3 13. Qc2 Bxc3 14. Bxc3
Nb4 15. Qd2 Nbd5 16. Bb2 Qd6 17. a4 Qf4 18. Qe2 Bd7 19. Ne5 Bc6 20. Ra3 Qe4 21.
Qd2 Nb6 22. Rg3 Nxc4 23. Nxc4 Nh5 24. f3 Qf4 25. Rg5 Qxd2 26. Rxd2 g6 27. a5
Bd5 28. Ne3 h6 29. Rg4 Nf6 30. Rh4 Kg7 31. Kf2 Rfd8 32. g4 g5 33. Rh3 Rac8 34.
Rg3 Kg6 35. Rg1 Rc6 36. Rb1 Rd7 37. h3 Ne8 38. Kg3 f5 39. gxf5+ exf5 40. f4 Nf6
41. Rdd1 gxf4+ 0-1

[Event "SG Bochum 1 - SG Porz 1"]
[Site "Oberliga NRW 2018/2019"]
[Date "2019.02.17"]
[Round "6.1"]
[White "Reinderman, Dimitri"]
[Black "Friedmann, Rafael"]
[Result "1/2-1/2"]
[WhiteElo "2560"]
[BlackElo "2417"]
[PlyCount "60"]
[EventDate "2019.??.??"]
[WhiteTeam "SG Porz 1"]
[BlackTeam "SG Bochum 1"]

1. e4 c5 2. Ne2 d6 3. g3 g6 4. Bg2 Bg7 5. O-O Nc6 6. c3 e5 7. a3 Nge7 8. b4 O-O
9. d3 Be6 10. Be3 b6 11. b5 Nb8 12. Nd2 d5 13. d4 Nd7 14. f4 exd4 15. cxd4 dxe4
16. Nxe4 Nf5 17. Bf2 Bc4 18. Rc1 Bxe2 19. Qxe2 Nxd4 20. Qc4 Rc8 21. Rfd1 Nf6
22. Ng5 Qe8 23. Bxd4 cxd4 24. Qxc8 Qxc8 25. Rxc8 Rxc8 26. Rxd4 Ng4 27. Rd1 Bf8
28. Bh3 Bc5+ 29. Kg2 Ne3+ 30. Kf3 Nxd1 1/2-1/2

[Event "SG Bochum 1 - SG Porz 1"]
[Site "Oberliga NRW 2018/2019"]
[Date "2019.02.17"]
[Round "6.2"]
[White "Kotainy, Jens"]
[Black "Lutz, Christopher"]
[Result "1/2-1/2"]
[WhiteElo "2428"]
[BlackElo "2490"]
[PlyCount "69"]
[EventDate "2019.??.??"]
[WhiteTeam "SG Bochum 1"]
[BlackTeam "SG Porz 1"]

1. d4 Nf6 2. Bf4 e6 3. e3 b6 4. Nd2 Bb7 5. Ngf3 Be7 6. h3 O-O 7. Bd3 c5 8. O-O
Nc6 9. c3 d6 10. Qe2 Re8 11. Bg3 h6 12. e4 cxd4 13. cxd4 Nd7 14. Rac1 a6 15.
Nc4 Nf8 16. e5 dxe5 17. dxe5 b5 18. Nd6 Bxd6 19. exd6 e5 20. Rfd1 Re6 21. d7
Nd4 22. Nxd4 exd4 23. Qh5 Nxd7 24. Rc7 Rb6 25. a4 Rc8 26. a5 Rxc7 27. Bxc7 Qxc7
28. axb6 Qxb6 29. Re1 Qd8 30. Qf5 g6 31. Qf4 Nc5 32. Bb1 Qd5 33. f3 Kg7 34. b4
Ne6 35. Qb8 1/2-1/2

[Event "SG Bochum 1 - SG Porz 1"]
[Site "Oberliga NRW 2018/2019"]
[Date "2019.02.17"]
[Round "6.3"]
[White "Rotstein, Arkadij"]
[Black "Hendriks, Willy"]
[Result "1-0"]
[WhiteElo "2467"]
[BlackElo "2364"]
[PlyCount "79"]
[EventDate "2019.??.??"]
[WhiteTeam "SG Porz 1"]
[BlackTeam "SG Bochum 1"]

1. d4 Nf6 2. Nf3 d6 3. Nc3 g6 4. e4 Bg7 5. Be3 c6 6. Qd2 Bg4 7. Be2 Nbd7 8. h3
Bxf3 9. Bxf3 Qc7 10. O-O-O O-O-O 11. Kb1 Kb8 12. g4 Nb6 13. Qe2 h5 14. g5 Nfd7
15. Bg2 e6 16. f4 d5 17. f5 Nc4 18. Bc1 Qa5 19. Rhf1 Ndb6 20. fxe6 fxe6 21. Rf7
Bf8 22. Rdf1 Bb4 23. Nd1 Bd2 24. exd5 exd5 25. a3 Bxc1 26. Kxc1 Rhe8 27. Qd3 a6
28. Rg7 Ka7 29. Rxg6 Re7 30. Rgf6 Rde8 31. Qc3 Qxc3 32. Nxc3 h4 33. g6 Re3 34.
Bf3 Nxb2 35. g7 N6c4 36. Rf8 Rxc3 37. Rxe8 Rxa3 38. c3 Ra1+ 39. Kc2 Rxf1 40.
Bg4 1-0

[Event "SG Bochum 1 - SG Porz 1"]
[Site "Oberliga NRW 2018/2019"]
[Date "2019.02.17"]
[Round "6.4"]
[White "Schlawin, Marlon"]
[Black "Pauly, Carlo"]
[Result "1-0"]
[WhiteElo "2286"]
[BlackElo "2299"]
[Annotator "Daniel"]
[PlyCount "103"]
[EventDate "2019.??.??"]
[WhiteTeam "SG Bochum 1"]
[BlackTeam "SG Porz 1"]

1. e4 c5 2. Nf3 d6 3. c3 Nf6 4. Bd3 Nc6 5. O-O Bg4 6. h3 Bh5 7. Re1 e6 8. Bf1
Be7 9. d3 h6 10. Nbd2 d5 11. a3 O-O 12. b4 cxb4 13. cxb4 a5 14. g4 dxe4 15.
dxe4 Bg6 16. b5 Nd4 17. Ne5 Nd7 18. Ndc4 Nc5 19. Be3 Ncb3 20. Ra2 a4 21. Bxd4
Qxd4 22. Qxd4 Nxd4 23. Nb6 Rad8 24. Kg2 $11 Bh7 25. Nxa4 f6 26. Nf3 Nxf3 27.
Kxf3 Rd4 28. Nb2 Rc8 29. Nd3 Rcc4 30. Nf4 Rc3+ 31. Kg2 Rxe4 32. Rxe4 Bxe4+ 33.
Kg1 e5 34. Bg2 Bxg2 35. Nxg2 Rxa3 36. Rc2 b6 37. Rc8+ Kf7 38. Ne3 Ra7 39. Kg2
Bc5 40. Rc6 Rd7 41. Nc4 Bd4 42. Nxb6 Ra7 43. Nc4 Ke7 $11 44. b6 Rb7 45. Kf3 g6
46. Kg3 e4 47. Kf4 Bxf2 48. Kxe4 Bg1 49. Kf3 Bd4 50. Rc7+ Rxc7 51. bxc7 Kd7 52.
Nd6 1-0